| 000 | 01222nam a2200241Ia 4500 | ||
|---|---|---|---|
| 999 |
_c52443 _d52443 |
||
| 001 | 19466 | ||
| 003 | GE_BSU | ||
| 005 | 20211220155601.0 | ||
| 008 | 181216s ||||ge |||||||||||||| || || | ||
| 040 | _cGE_BSU | ||
| 041 | _ageo | ||
| 080 | _a811.353.1 შ-21 | ||
| 100 |
_aშანიძე, აკაკი _913315 |
||
| 245 |
_aქართული ენის სტრუქტურისა და ისტორიის საკითხები ტ. 1 : _bთხზულებანი / _cაკაკი შანიძე ; რედ. ლ. კიკნაძე. |
||
| 264 |
_aთბილისი : _bსტალინის სახელ. თბილისის სახელმწ.უნ-ტი, _c1957. |
||
| 300 |
_a380 გვ. ; _c24 სმ. |
||
| 500 | _aგაშლილი თავფურცელი რუსულ და ქართულ ენებზე | ||
| 541 | _h3ლ.40თ. | ||
| 653 | _aქართული ენა | ||
| 653 | _aქართული ენის სტრუქტურისა და ისტორიის საკითხები | ||
| 700 |
_aკიკნაძე, ლ. _eრედაქტორი _91609 |
||
| 942 |
_cBK _2udc |
||